Państwa Uni Europejskiej Według pkb - Statystyki

Ogólne statystyki
  • Ten quiz został rozwiązany 77 razy
  • Średni wynik to 6 z 6
Statystyki odpowiedzi
pkb kraj % Poprawnych
3,806 tryliarda USD Niemcy
100%
2,603 tryliarda USD Francja
99%
1,281 tryliarda USD Hiszpania
97%
594,2 miliarda USD Polska
97%
1,886 tryliarda USD Włochy
95%
912,2 miliarda USD Holandia
79%
Nie znaleziono quizów pasujących do podanych kryteriów
Rozkład punktacji
Procent ludzi z każdym wynikiem
Percentyl według liczby udzielonych odpowiedzi
Twoja historia wyników
Nie rozwiązałeś tego quizu